| Tag |
First Indicator |
Second Indicator |
Subfields |
| LEADER |
00000cam a2200000Ia 4500 |
| 001 |
in00001665813 |
| 005 |
20151024121313.0 |
| 008 |
980314s1952 it a 000 0 chu d |
| 035 |
|
|
|a (OCoLC)ocm38658567
|
| 040 |
|
|
|a GTO
|c GTO
|d TXA
|d UtOrBLW
|
| 049 |
|
|
|a TXAM
|
| 090 |
|
|
|a BX4711.665
|b .L57 1952
|
| 110 |
1 |
|
|a Catholic Church. Byzantine Rite, Ruthenian.
|
| 240 |
1 |
0 |
|a Leitugikon.
|l Church Slavic.
|f 1952
|
| 245 |
1 |
0 |
|a Svíàshchennaíà i Boźh̀estvennaíà Liturhia iźh̀e ko svíàtykh" ott́s̀a nasheho Ioanna Zlatoustaho.
|
| 264 |
|
1 |
|a Rym" :
|b [publisher not identified],
|c 1952
|
| 264 |
|
3 |
|a Rym" :
|b Iz tip. kiriptoferratskie obiele
|
| 300 |
|
|
|a 112 pages :
|b illustrations ;
|c 23 cm.
|
| 336 |
|
|
|a text
|b txt
|2 rdacontent
|
| 337 |
|
|
|a unmediated
|b n
|2 rdamedia
|
| 338 |
|
|
|a volume
|b nc
|2 rdacarrier
|
| 536 |
|
|
|a From the Library of Professor Horace G. Lunt October 2000.
|
| 610 |
2 |
0 |
|a Catholic Church. Byzantine Rite, Ruthenian
|x Liturgy
|x Texts.
|
| 994 |
|
|
|a E0
|b TXA
|
| 948 |
|
|
|a cataloged
|b h
|c 2002/2/28
|d c
|e tchubaryan
|f 3:06:02 pm
|
| 999 |
|
|
|a MARS
|
| 999 |
f |
f |
|s 826fdc6e-fc75-3ba3-8c22-649a9362ec35
|i f6c4fb80-a6c6-3245-b13b-5968d87ae64f
|t 0
|
| 952 |
f |
f |
|p ric
|a Texas A&M University
|b Rellis Campus
|c Joint Library Facility
|d Remote Storage
|t 0
|e BX4711.665 .L57 1952
|h Library of Congress classification
|i unmediated -- volume
|m A14828373335
|
| 998 |
f |
f |
|a BX4711.665 .L57 1952
|t 0
|l Remote Storage
|